000 00961nam a22002891 4500
001 35512
003 BD-RjUL
005 20211209052332.0
008 140526s1960 nyua b 001 0 eng
035 _a(BD-RjUL)35606
040 _aDLC/ICU
_cICU
_dBD-RjUL
_beng
041 _aeng
082 0 0 _a621.38
_bHES 1960
100 1 _aHelstrom, Carl W.
_9108126
245 1 0 _aStatistical theory of signal detection /
_cCarl W. Helstrom.
260 _aNew York :
_bPergamon Press,
_cc1960.
300 _a364 p. :
_billus. ;
_c22 cm.
490 1 _aInternational series of monographs on electronics and instrumentation,
_vv. 9
504 _aIncludes bibliography and index.
650 0 _aSignal detection.
_9108127
650 0 _aStatistical communication theory.
_921449
830 0 _vv. 9.
_9108129
830 0 _aInternational series of monographs on electronics and instrumentation ;
_918978
942 _2ddc
_cBK
999 _c35512
_d35512